<?xml version="1.0" encoding="UTF-8"?>
<record
    xmlns:xsi="http://www.w3.org/2001/XMLSchema-instance"
    xsi:schemaLocation="http://www.loc.gov/MARC21/slim http://www.loc.gov/standards/marcxml/schema/MARC21slim.xsd"
    xmlns="http://www.loc.gov/MARC21/slim">

  <leader>01247nmm a22002657a 4500</leader>
  <controlfield tag="005">20170208142110.0</controlfield>
  <controlfield tag="008">131126b2011    ve ||||| |||| 00| 0 spa d</controlfield>
  <datafield tag="040" ind1=" " ind2=" ">
    <subfield code="a">CO-BoIAVH</subfield>
    <subfield code="c">CO-BoIAVH</subfield>
  </datafield>
  <datafield tag="041" ind1=" " ind2=" ">
    <subfield code="a">spa</subfield>
  </datafield>
  <datafield tag="044" ind1=" " ind2=" ">
    <subfield code="a">ck</subfield>
  </datafield>
  <datafield tag="090" ind1=" " ind2=" ">
    <subfield code="a">MM</subfield>
    <subfield code="b">00377</subfield>
  </datafield>
  <datafield tag="110" ind1="1" ind2=" ">
    <subfield code="a">Fundaci&#xF3;n la Salle de Ciencias Naturales</subfield>
  </datafield>
  <datafield tag="245" ind1="1" ind2="0">
    <subfield code="a">Memorias de la Orinoquia Venezolana:</subfield>
    <subfield code="b">349 contribuciones al conocimiento de la biodiversidad de la Orinoquia Venezolana.</subfield>
  </datafield>
  <datafield tag="256" ind1=" " ind2=" ">
    <subfield code="a">Archivo ejecutable (46.451 KB)</subfield>
  </datafield>
  <datafield tag="260" ind1=" " ind2=" ">
    <subfield code="a">Venezuela:</subfield>
    <subfield code="b">Fundaci&#xF3;n la Salle de Ciencias Naturales, </subfield>
    <subfield code="c">2011.</subfield>
  </datafield>
  <datafield tag="300" ind1=" " ind2=" ">
    <subfield code="a">1 CD-Rom</subfield>
    <subfield code="b">Archivo ejecutable (26.451 KB)</subfield>
  </datafield>
  <datafield tag="504" ind1=" " ind2=" ">
    <subfield code="a">Incluye bibliograf&#xED;a</subfield>
  </datafield>
  <datafield tag="520" ind1=" " ind2=" ">
    <subfield code="a">Memorias de la fundaci&#xF3;n la Salle de Ciencias Naturales es una revista cient&#xED;fica, peri&#xF3;dica semestral y arbitraria por evaluadores externos que publica art&#xED;culos originales y ensayos sobre bot&#xE1;nica, zoolog&#xED;a geolog&#xED;a, ecolog&#xED;a, Oceanograf&#xED;a, limnolog&#xED;a, acuicultura, pesquer&#xED;as, conservaci&#xF3;n y manejo de recursos.</subfield>
  </datafield>
  <datafield tag="538" ind1=" " ind2=" ">
    <subfield code="a">Requiere Adoble Flash</subfield>
  </datafield>
  <datafield tag="546" ind1=" " ind2=" ">
    <subfield code="a">Ingles-Espa&#xF1;ol</subfield>
  </datafield>
  <datafield tag="650" ind1="1" ind2=" ">
    <subfield code="a">Orinoquia</subfield>
    <subfield code="z">Venezuela</subfield>
  </datafield>
  <datafield tag="700" ind1=" " ind2=" ">
    <subfield code="a">Celsa Se&#xF1;aris-Daniel Lew</subfield>
    <subfield code="e">te.</subfield>
  </datafield>
  <datafield tag="700" ind1=" " ind2=" ">
    <subfield code="a">Max Demian Hern&#xE1;ndez</subfield>
    <subfield code="e">di.</subfield>
  </datafield>
  <datafield tag="942" ind1=" " ind2=" ">
    <subfield code="2">z</subfield>
    <subfield code="c">CD-ROM</subfield>
    <subfield code="0">1</subfield>
  </datafield>
  <datafield tag="999" ind1=" " ind2=" ">
    <subfield code="c">7909</subfield>
    <subfield code="d">7909</subfield>
  </datafield>
  <datafield tag="952" ind1=" " ind2=" ">
    <subfield code="0">0</subfield>
    <subfield code="1">0</subfield>
    <subfield code="2">z</subfield>
    <subfield code="4">0</subfield>
    <subfield code="7">0</subfield>
    <subfield code="8">RECUREL</subfield>
    <subfield code="a">Bogota</subfield>
    <subfield code="b">Bogota</subfield>
    <subfield code="d">2013-11-26</subfield>
    <subfield code="l">1</subfield>
    <subfield code="o">MM-00377</subfield>
    <subfield code="p">059011</subfield>
    <subfield code="r">2016-02-12 00:00:00</subfield>
    <subfield code="s">2016-02-09</subfield>
    <subfield code="t">Ej. 1</subfield>
    <subfield code="w">2013-11-26</subfield>
    <subfield code="x">Donacion</subfield>
    <subfield code="y">CD-ROM</subfield>
  </datafield>
</record>
